[Event "RUS-chT Premier 2021"]
[White "Vetokhin,Savva"]
[Black "Kryakvin,Dmitry"]
[WhiteTeam "Школа М. Ботвинника"]
[BlackTeam "Wildberries Молодёжка"]
[Site "Sochi"]
[Round "3.24"]
[Annotator "TA"]
[Result "0-1"]
[Date "2021.05.03"]
[WhiteElo "2261"]
[BlackElo "2577"]
[PlyCount "104"]

1. Nf3 {} Nf6 2. b3 g6 3. Bb2 Bg7 4. g3 0-0 5. Bg2 d5 6. c4 e6 7. 0-0 Nbd7 8. d3 {A13: English Opening: 1...e6.} b6 9. Qc2 Bb7 10. Ne5 {
The position is equal.} c5 11. Nd2 {[#]} Rc8 $146 ({Predecessor:} 11... Ne8 12. Nxd7 Qxd7 13. Bxg7 Nxg7 14. cxd5 Bxd5 15. Qb2 Bxg2 16. Kxg2 Nf5 17. Ne4 Qd4 18. Qxd4 Nxd4 {1/2-1/2 (44) Molenda,M (2383)-Klekowski,M (2506) Katowice 2019} )12. Rac1 (12. e3 {feels hotter.} Nxe5 13. Bxe5 Ng4 14. Bxg7 Kxg7 15. Rae1 )Rc7 (12... Qe7 {with more complications.} 13. Nxd7 Qxd7 14. Nf3 Rfe8 15. e3 Ng4 )13. cxd5 Nxd5 14. Nxd7 (14. Nef3 {seems wilder.} Nb4 15. Qb1 e5 16. a3 Nc6 17. e3 )Rxd7 15. Bxg7 Kxg7 16. Qb2+ f6 17. a3 Qe7 18. Ne4 e5 19. Rc4 a5 20. Rfc1 Rfd8 21. Nc3 Nxc3 22. Qxc3 Ba6 23. Re4 Rd4 24. Rxd4 Rxd4 25. Rb1 Bb5 26. Bf1 e4 27. dxe4 Qxe4 28. Re1 Rd6 29. f3 Qe5 30. Qc1 (30. Qxe5 $15 fxe5 31. a4 )a4 $17 31. bxa4 Bxa4 32. e4 Qd4+ 33. Qe3 c4 34. Kf2 {White wants to
play Qxd4.} Qd2+ 35. Qxd2 Rxd2+ { Endgame KRB-KRB} 36. Ke3 {[#]} Rc2 ({Worse is} 36... Rxh2 37. Bxc4 Rc2 38. Kd4 $11 )37. Be2 b5 38. Ra1 Rb2 (38... Kf7 $142 39. h3 Ke7 )39. h4 Kf8 40. f4 (40. g4 $17 )Ke7 41. g4 h6 42. g5 $2 {[#] This move loses the game for White.} (42. f5 $17 {keeps fighting.} )hxg5 43. hxg5 fxg5 44. fxg5 Ke6 45. Bd1 $2 (45. Bxc4+ bxc4 46. Kd4 )Bxd1 $19 46. Rxd1 {KR-KR} Rb3+ 47. Kd4 Rxa3 48. Rf1 Rd3+ 49. Kc5 c3 50. Kxb5 c2 51. Rf6+ Kd7 ({Not} 51... Ke5 52. Rc6 $17 )52. Rf7+ Kc8 {Weighted Error Value:
White=0.65/Black=0.09} 0-1